000 006340000a22002050004500
020 _a84-87940-33-1
041 0 _aSPA
082 0 4 _aG 227.3 C6265f
100 1 _aClements, Roy
245 1 0 _aLa Fuerza de la debilidad : Dios utiliza nuestros defectos para llevar a cabo sus propósitos / Roy Clements
260 _aBarcelona, España : Andamio
300 _a252 Pag
500 _aTítulo original : The strength of weakness
650 1 4 _aSERMONES BIBLICOS N.T. - 2 CORINTIOS
001 4472
942 _cBK
999 _c35067
_d35067
336 _atexto
_btxt
_2rdacontent
337 _2rdamedia
_asin mediación
_bn
338 _2rdacarrier
_avolumen
_bnc